Un pueblo en armas informe del Frente Interno
Kaydedildi:
| Yazar: | |
|---|---|
| Materyal Türü: | Bilinmiyor |
| Dil: | Spanish |
| Baskı/Yayın Bilgisi: |
Managua, Nicaragua
Centro de Publicaciones
1981
|
| Seri Bilgileri: | Colección Juan de Dios Muñoz. Serie Testimonios Revolucionarios
|
| Konular: | |
| Etiketler: |
Etiketle
Etiket eklenmemiş, İlk siz ekleyin!
|
MARC
| LEADER | 000000000a22000000004500 | ||
|---|---|---|---|
| 001 | 000129 | ||
| 007 | ta | ||
| 008 | 131121s1981 cr s|||f |||| 000 0 spa d | ||
| 040 | |a cru CIICLA Universidad de Costa Rica | ||
| 041 | 0 | |a español | |
| 082 | |a 972.850.53 N973p | ||
| 100 | 1 | |a Nuñez Téllez, Carlos |d 1951- |9 24 | |
| 245 | 1 | 3 | |a Un pueblo en armas |b informe del Frente Interno |
| 260 | |a Managua, Nicaragua |b Centro de Publicaciones |c 1981 | ||
| 300 | |a 140 páginas |b ilustraciones, retratos | ||
| 490 | 1 | |a Colección Juan de Dios Muñoz. Serie Testimonios Revolucionarios | |
| 650 | 4 | |a NICARAGUA |x REVOLUCION, 1978 |x HISTORIA | |
| 942 | |2 ddc |c BK | ||
| 999 | |c 978 |d 978 | ||
